Az online jelenlét ereje az utazási irodák marketingjében
| Main Author: | |
|---|---|
| Other Authors: | |
| Format: | Project work |
| Kulcsszavak: | direkt marketing e-marketing - elektronikus marketing internetmarketing online marketing utazási irodák |
| Online Access: | http://dolgozattar.uni-bge.hu/59850 |
MARC
| LEADER | 00000nnm a2200000 i 4500 | ||
|---|---|---|---|
| 001 | dolg59850 | ||
| 005 | 20260409145641.0 | ||
| 008 | 260409suuuu hu o 000 hun d | ||
| 040 | |a BGE Dolgozattár Repozitórium |b hun | ||
| 041 | |a hu | ||
| 100 | 1 | |a Tóth Evelin Ágnes | |
| 245 | 1 | 3 | |a Az online jelenlét ereje az utazási irodák marketingjében |c Tóth Evelin Ágnes |h [elektronikus dokumentum] |
| 516 | |a Project_work | ||
| 520 | 3 | |a A projektmunkám témája az online jelenlét szerepének vizsgálata az utazási irodák marketingjében, különös tekintettel az Invia.hu példájára. A dolgozat bemutatja a digitális marketing fejlődését, annak eszközeit, és elemzi, hogyan befolyásolja az utazási szokásokat és döntéseket. A kutatás során mély interjúk készültek az Invia.hu marketing és tartalomfejlesztési vezetőivel, amelyek rávilágítottak a digitális stratégiák fontosságára, a technológiai újításokra, és az ügyfélélmény fejlesztésének aktuális trendjeire. A munka SWOT-elemzéssel és piaci trendek áttekintésével is kiegészül, kiemelve a közösségi média, az influenszer marketing, illetve az adat vezérelt döntéshozatal jelentőségét. A dolgozat következtetése szerint a digitális jelenlét és innovatív marketingstratégiák kulcsfontosságúak az utazási irodák hosszútávú sikeréhez és a piaci versenyképeséhez. | |
| 695 | |a direkt marketing | ||
| 695 | |a e-marketing - elektronikus marketing | ||
| 695 | |a internetmarketing | ||
| 695 | |a online marketing | ||
| 695 | |a utazási irodák | ||
| 700 | 1 | |a Sipos Erika |e ths | |
| 856 | 4 | 0 | |u http://dolgozattar.uni-bge.hu/59850/1/Az%20online%20jelenl%C3%A9t%20ereje%20az%20utaz%C3%A1si%20irod%C3%A1k%20marketingj%C3%A9ben.pdf |z Dokumentum-elérés |
| 856 | 4 | 0 | |u http://dolgozattar.uni-bge.hu/59850/2/T%C3%B3th%20Evelin%20%C3%81gnes%20Foszk%20konzulensi%20b%C3%ADr%C3%A1lata.pdf |z Dokumentum-elérés |